Jakub Schikaneder /

Hlavní autor: Vlček, Tomáš, 1941-
Jazyk: Čeština
Vydáno: Praha : Odeon, 1986
Vydání: 1. vyd.
Edice: Malá galerie (Odeon)
Témata:
Externí odkaz: Digitalizovaný dokument
Fyzický popis: 82 s.
Knihy
Uloženo v:
LEADER 01088nam a22003132a 4500
001 000849528
003 CZ BrMZK
005 20070503072307.0
007 ta
008 070503s1986 xr er|||||||||||cze d
015 |a cnb000011929 
035 |a (OCoLC)85571620 
040 |a BOA001  |b cze 
080 9 |a 75(437.1)"19":92 Schikaneder 
100 1 |a Vlček, Tomáš,  |d 1941-  |7 jk01150130  |4 aut 
245 1 0 |a Jakub Schikaneder /  |c Tomáš Vlček 
250 |a 1. vyd. 
260 |a Praha :  |b Odeon,  |c 1986 
300 |a 82 s. 
490 1 |a Malá galerie ;  |v sv. 35 
504 |a Obsahuje bibliografii 
830 0 |a Malá galerie (Odeon)  |0 s 
856 4 1 |u http://www.digitalniknihovna.cz/mzk/uuid/uuid:58cedd10-0317-11e3-beb8-005056827e51  |y Digitalizovaný dokument  |x NDK 
910 |a BOA001  |b 2-0901.014 
964 |a Schikaneder, Jakub - život - dílo 
990 |a BK 
991 |b 200705 
996 7 |b 2619241607  |c 2-0901.014  |l MZK  |r Sklad / do 1 hodiny  |n 12  |w 000849528  |u 000010  |a 1  |e BOA001  |j MZK50  |s A 
996 6 |b 2619298970  |c 2-0901.014  |l MZK  |r Sklad / do 1 hodiny  |n 6  |w 000849528  |u 000020  |a 1  |e BOA001  |j MZK50  |s P